000 00813nam a22002177a 4500
003 OSt
005 20241104134259.0
008 220718b ||||| |||| 00| 0 eng d
040 _cSSBUL
041 _aMyanmar
082 _223
_a၂၉၄.၃၄၄၃၅ ဘို
_b၉၃၄၄ S-SAT
100 0 _aဘို၊ ဦး။
_97041
100 _97041
245 _aအကာလိကော /
_cဦးဘို။
260 _aရန်ကုန် ၊
_bအောင်မိတ်ဆက်စာပုံနှိပ်တိုက်၊
_c၁၉၇၀။
300 _a၅၅ စာမျက်နှာ ၊
_c၁၈ စင်တီ။
500 _aS-SAT: Dr. Sai Aung Tun
650 _aကမ္မဋ္ဌာန်း
650 _aတရားထိုင်နည်း။
_923469
942 _cBK1
_2ddc
999 _c41003
_d41003